Statistics for Ticket to Ride: Switzerland - Cities

Click here to take the quiz!

General Stats

  • This quiz has been taken 54 times
  • The average score is 20 of 34

Answer Stats

Answer% Correct
Geneve
100%
Zurich
98%
Basel
93%
Bern
91%
Lausanne
83%
Luzern
80%
St.Gallen
78%
Lugano
76%
Winterthur
74%
Chur
72%
Neuchatel
67%
Sion
67%
Zug
67%
Davos
63%
Locarno
61%
Schaffhausen
61%
Interlaken
59%
Bellinzona
57%
Fribourg
57%
Solothurn
54%
Olten
52%
Baden
46%
La Chaux-De-Fonds
46%
Schwyz
46%
Yverdon
46%
Brig
43%
Kreuzlingen
39%
Martigny
35%
Vaduz
33%
Delemont
30%
Sargans
30%
Brusio
17%
Pfaffikon
17%
Wassen
13%

Score Distribution

Percentile by Number Answered

Percent of People with Each Score

Your Score History

You have not taken this quiz